[Event "EU YCH Team U18 girls"]
[Site "Thessaloniki"]
[Date "2022.07.13"]
[Round "2.1"]
[White "Demeter, Dorina"]
[Black "Ruzic, Pia Marie"]
[Result "1/2-1/2"]
[WhiteElo "2176"]
[BlackElo "2025"]
[PlyCount "95"]
[EventDate "2022.07.12"]
[EventType "swiss"]
[EventRounds "7"]
[EventCountry "GRE"]
[SourceTitle "Youth Database"]
[Source "CBase R.Goldau"]
[SourceDate "2000.03.01"]
[SourceVersion "1"]
[SourceVersionDate "2022.07.18"]
[SourceQuality "1"]
[WhiteTeam "Ungarn"]
[BlackTeam "Slowenien"]
[WhiteTeamCountry "HUN"]
[BlackTeamCountry "SLO"]

1. Nf3 Nf6 2. c4 g6 3. Nc3 Bg7 4. e4 d6 5. d4 O-O 6. h3 e5 7. d5 Nh5 8. g3 Na6
9. Bd3 Nc5 10. Bc2 f5 11. exf5 gxf5 12. Ng5 Qe8 13. Nb5 Na6 14. Ne6 Bxe6 15.
dxe6 e4 16. e7 Qxe7 17. Qxh5 Nb4 18. Qe2 d5 19. a3 Nxc2+ 20. Qxc2 c6 21. Nc3 d4
22. Nb1 Rae8 23. Bf4 Be5 24. Qc1 e3 25. Bxe5 Qxe5 26. O-O Kh8 27. Kg2 f4 28.
fxe3 Qe4+ 29. Kg1 fxe3 30. Nd2 exd2 31. Qxd2 Rxf1+ 32. Rxf1 Qe3+ 33. Qf2 Kg7
34. c5 d3 35. Rd1 b6 36. Qxe3 Rxe3 37. Kf2 Re2+ 38. Kf3 Rxb2 39. cxb6 axb6 40.
Rxd3 c5 41. Rc3 Kf6 42. Ke4 Ke6 43. h4 Rb1 44. Kd3 Kd5 45. Kc2 Rg1 46. Rd3+ Kc4
47. Rc3+ Kd4 48. Rd3+ 1/2-1/2

[Event "EU YCH Team U18 girls"]
[Site "Thessaloniki"]
[Date "2022.07.15"]
[Round "4.1"]
[White "Ruzic, Pia Marie"]
[Black "Lehaci, Miruna-Daria"]
[Result "1/2-1/2"]
[WhiteElo "2025"]
[BlackElo "2193"]
[PlyCount "92"]
[EventDate "2022.07.12"]
[EventType "swiss"]
[EventRounds "7"]
[EventCountry "GRE"]
[SourceTitle "Youth Database"]
[Source "CBase R.Goldau"]
[SourceDate "2000.03.01"]
[SourceVersion "1"]
[SourceVersionDate "2022.07.18"]
[SourceQuality "1"]
[WhiteTeam "Slowenien"]
[BlackTeam "Rumänien"]
[WhiteTeamCountry "SLO"]
[BlackTeamCountry "ROU"]

1. c4 e5 2. Nc3 Nf6 3. Nf3 Nc6 4. e3 Bb4 5. Qc2 O-O 6. Be2 Re8 7. O-O e4 8. Nd4
Nxd4 9. exd4 d5 10. a3 Bd6 11. c5 Bf4 12. d3 e3 13. fxe3 Bxe3+ 14. Bxe3 Rxe3
15. Qd2 Re8 16. Rae1 c6 17. Bd1 Rxe1 18. Qxe1 Bg4 19. Bxg4 Nxg4 20. h3 Nh6 21.
b4 Qd7 22. b5 Re8 23. bxc6 bxc6 24. Qg3 Nf5 25. Qf4 g6 26. Rb1 Qe7 27. Rb8 Rxb8
28. Qxb8+ Kg7 29. Qe5+ Qxe5 30. dxe5 f6 31. exf6+ Kxf6 32. Kf2 Ke5 33. g4 Nd4
34. Na2 a5 35. Nc1 Ne6 36. Nb3 a4 37. Na5 Nd8 38. Ke3 d4+ 39. Kf3 Kd5 40. Nc4
Kxc5 41. Nb2 Kb5 42. Ke4 c5 43. Kd5 Nc6 44. Nc4 Ne7+ 45. Kd6 Nc6 46. Kd5 Ne7+
1/2-1/2

[Event "EU YCH Team U18 girls"]
[Site "Thessaloniki"]
[Date "2022.07.16"]
[Round "5.2"]
[White "Mihelic, Vesna"]
[Black "Kayis, Gulcan Sena"]
[Result "1/2-1/2"]
[WhiteElo "2029"]
[BlackElo "1682"]
[PlyCount "96"]
[EventDate "2022.07.12"]
[EventType "swiss"]
[EventRounds "7"]
[EventCountry "GRE"]
[SourceTitle "Youth Database"]
[Source "CBase R.Goldau"]
[SourceDate "2000.03.01"]
[SourceVersion "1"]
[SourceVersionDate "2022.07.18"]
[SourceQuality "1"]
[WhiteTeam "Slowenien"]
[BlackTeam "Türkei"]
[WhiteTeamCountry "SLO"]
[BlackTeamCountry "TUR"]

1. e4 e6 2. d4 d5 3. exd5 exd5 4. Bd3 Nc6 5. c3 Bd6 6. Nf3 Nge7 7. O-O Bg4 8.
Re1 Qd7 9. Nbd2 O-O-O 10. Qc2 f6 11. b4 Rde8 12. a4 Kb8 13. Ba3 Nc8 14. Bb5 Qf5
15. Qxf5 Bxf5 16. Nb3 Rxe1+ 17. Rxe1 N6e7 18. Nh4 Bc2 19. Na1 Be4 20. f3 Bg6
21. Nxg6 Nxg6 22. g3 h5 23. Bd3 Nge7 24. Nc2 c6 25. b5 Kc7 26. Bxd6+ Kxd6 27.
Ne3 Kd7 28. Nf5 Rg8 29. Kf2 g6 30. Nxe7 Nxe7 31. Rb1 Kc7 32. a5 Nc8 33. g4 h4
34. f4 Nd6 35. bxc6 bxc6 36. Kf3 Kd7 37. Kg2 Ke7 38. Kh3 g5 39. fxg5 fxg5 40.
Re1+ Kf6 41. Rf1+ Kg7 42. Re1 Kf6 43. Bf5 Nxf5 44. gxf5 Kxf5 45. Re7 Rb8 46.
Rc7 Rb3 47. Rxc6 a6 48. Rc5 Rb2 1/2-1/2

[Event "EU YCH Team U18 girls"]
[Site "Thessaloniki"]
[Date "2022.07.17"]
[Round "6.2"]
[White "Kochavi, Dana"]
[Black "Bashylina, Luisa"]
[Result "1/2-1/2"]
[WhiteElo "1935"]
[BlackElo "2041"]
[PlyCount "64"]
[EventDate "2022.07.12"]
[EventType "swiss"]
[EventRounds "7"]
[EventCountry "GRE"]
[SourceTitle "Youth Database"]
[Source "CBase R.Goldau"]
[SourceDate "2000.03.01"]
[SourceVersion "1"]
[SourceVersionDate "2022.07.18"]
[SourceQuality "1"]
[WhiteTeam "Israel"]
[BlackTeam "Deutschland"]
[WhiteTeamCountry "ISR"]
[BlackTeamCountry "GER"]

1. e4 c5 2. Nf3 d6 3. d4 cxd4 4. Nxd4 Nf6 5. Nc3 a6 6. h3 e5 7. Nde2 h5 8. Bg5
Be6 9. a4 Be7 10. g3 Nc6 11. Bg2 Nb4 12. Bxf6 Bxf6 13. Nd5 Nxd5 14. exd5 Bf5
15. O-O O-O 16. Nc3 g6 17. g4 hxg4 18. hxg4 Bd7 19. Ne4 Be7 20. Ra3 Kg7 21. c4
Rh8 22. c5 dxc5 23. d6 Bg5 24. Nxc5 Bf4 25. Re1 Rh4 26. Nxd7 Qxd7 27. Rb3 Rxg4
28. Kf1 Qxa4 29. Rxb7 Qc4+ 30. Qe2 Qxe2+ 31. Rxe2 Rd8 32. d7 Bh2 1/2-1/2

[Event "EU YCH Team U18 girls"]
[Site "Thessaloniki"]
[Date "2022.07.17"]
[Round "6.2"]
[White "Marcinczyk, Monika"]
[Black "Sulyok, Eszter"]
[Result "0-1"]
[WhiteElo "1991"]
[BlackElo "2091"]
[PlyCount "86"]
[EventDate "2022.07.12"]
[EventType "swiss"]
[EventRounds "7"]
[EventCountry "GRE"]
[SourceTitle "Youth Database"]
[Source "CBase R.Goldau"]
[SourceDate "2000.03.01"]
[SourceVersion "1"]
[SourceVersionDate "2022.07.18"]
[SourceQuality "1"]
[WhiteTeam "Polen"]
[BlackTeam "Ungarn"]
[WhiteTeamCountry "POL"]
[BlackTeamCountry "HUN"]

1. e4 c5 2. Nf3 a6 3. d4 cxd4 4. Nxd4 Nc6 5. c4 e5 6. Nxc6 bxc6 7. Be3 Nf6 8.
Nc3 Rb8 9. Qd2 Bb4 10. f3 O-O 11. Rd1 Qa5 12. Be2 Rd8 13. Bg5 Be7 14. a3 d6 15.
Be3 Qc7 16. O-O a5 17. Rb1 Be6 18. Rfd1 Rb7 19. b4 axb4 20. axb4 d5 21. exd5
cxd5 22. cxd5 Bxd5 23. Qc1 Bc4 24. Rxd8+ Bxd8 25. Qd2 Be7 26. b5 Bxe2 27. Nxe2
Bc5 28. Nc3 h6 29. Kf2 e4 30. Bxc5 Qxc5+ 31. Qe3 Qc4 32. h3 Nd5 33. Qxe4 Qc5+
34. Kg3 Qc7+ 35. f4 Qxc3+ 36. Kh2 Qc5 37. Rd1 Rxb5 38. Qe8+ Kh7 39. Qxf7 Nf6
40. Qe6 Qf5 41. Qc4 Rb2 42. Rd3 Ne4 43. Qc7 Qg6 0-1

[Event "EU YCH Team U18 girls"]
[Site "Thessaloniki"]
[Date "2022.07.17"]
[Round "6.1"]
[White "Bondar, Daria"]
[Black "Ruzic, Pia Marie"]
[Result "1/2-1/2"]
[WhiteElo "1566"]
[BlackElo "2025"]
[PlyCount "110"]
[EventDate "2022.07.12"]
[EventType "swiss"]
[EventRounds "7"]
[EventCountry "GRE"]
[SourceTitle "Youth Database"]
[Source "CBase R.Goldau"]
[SourceDate "2000.03.01"]
[SourceVersion "1"]
[SourceVersionDate "2022.07.18"]
[SourceQuality "1"]
[WhiteTeam "Ukraine"]
[BlackTeam "Slowenien"]
[WhiteTeamCountry "UKR"]
[BlackTeamCountry "SLO"]

1. e4 e6 2. d4 d5 3. e5 c5 4. c3 Nc6 5. Nf3 Bd7 6. Be2 Nge7 7. Na3 cxd4 8. cxd4
Nf5 9. Nc2 Be7 10. O-O O-O 11. Ne3 Nxe3 12. Bxe3 f6 13. Rc1 Be8 14. a3 Bh5 15.
Ne1 Bxe2 16. Qxe2 f5 17. f4 Na5 18. Nd3 Nc4 19. Nc5 Bxc5 20. dxc5 Qe8 21. Bd4
Qc6 22. Qc2 Rfc8 23. a4 Nb6 24. b3 a5 25. Qd3 Nd7 26. Qb5 Nb8 27. Rc3 Qe8 28.
Kf2 Nc6 29. Qd3 Qh5 30. Kg1 Kh8 31. g3 Qh3 32. Rd1 Rc7 33. Bf2 Rg8 34. Qf1 Qg4
35. h3 Qh5 36. Kh2 g5 37. Qd3 gxf4 38. gxf4 Rcg7 39. Rg1 Rxg1 40. Bxg1 Qh4 41.
Qd2 Rg4 42. Bf2 Qh6 43. Bg3 Rg7 44. Qf2 Qh5 45. Bh4 Rg6 46. Bf6+ Kg8 47. Qf1
Nd4 48. Bd8 Qe2+ 49. Qxe2 Nxe2 50. Rf3 Nd4 51. Rd3 Nc6 52. Bc7 Kf7 53. Rd1 Ke7
54. Rd2 Kd7 55. Bb6 Ke7 1/2-1/2

[Event "EU YCH Team U18 girls"]
[Site "Thessaloniki"]
[Date "2022.07.17"]
[Round "6.2"]
[White "Mihelic, Vesna"]
[Black "Russeva, Viktoria"]
[Result "1-0"]
[WhiteElo "2029"]
[BlackElo "1866"]
[PlyCount "53"]
[EventDate "2022.07.12"]
[EventType "swiss"]
[EventRounds "7"]
[EventCountry "GRE"]
[SourceTitle "Youth Database"]
[Source "CBase R.Goldau"]
[SourceDate "2000.03.01"]
[SourceVersion "1"]
[SourceVersionDate "2022.07.18"]
[SourceQuality "1"]
[WhiteTeam "Slowenien"]
[BlackTeam "Ukraine"]
[WhiteTeamCountry "SLO"]
[BlackTeamCountry "UKR"]

1. e4 c5 2. Nf3 d6 3. d4 cxd4 4. Qxd4 Nf6 5. h3 Nc6 6. Qe3 g6 7. c4 Bg7 8. Nc3
O-O 9. Be2 Nd7 10. O-O Nc5 11. Rb1 f5 12. b4 fxe4 13. Ng5 Bd4 14. Qg3 Ne6 15.
Ncxe4 Nxg5 16. Nxg5 Bf5 17. b5 Qb6 18. Rb3 Ne5 19. Qh4 h5 20. Be3 Bxe3 21. Rxe3
Nf7 22. g4 Nxg5 23. Qxg5 hxg4 24. hxg4 Bc2 25. Rxe7 Rae8 26. Qd5+ Kh8 27. Qh1+
1-0

[Event "EU YCH Team U18 girls"]
[Site "Thessaloniki"]
[Date "2022.07.18"]
[Round "7.1"]
[White "Kara, Gulce Nehir"]
[Black "Ziegenfuss, Antonia"]
[Result "1-0"]
[WhiteElo "1907"]
[BlackElo "2170"]
[PlyCount "87"]
[EventDate "2022.07.12"]
[EventType "swiss"]
[EventRounds "7"]
[EventCountry "GRE"]
[SourceTitle "Youth Database"]
[Source "CBase R.Goldau"]
[SourceDate "2000.03.01"]
[SourceVersion "1"]
[SourceVersionDate "2022.07.18"]
[SourceQuality "1"]
[WhiteTeam "Türkei"]
[BlackTeam "Deutschland"]
[WhiteTeamCountry "TUR"]
[BlackTeamCountry "GER"]

1. e4 c5 2. Nc3 e6 3. Nge2 Nc6 4. d4 cxd4 5. Nxd4 Qc7 6. Qd3 a6 7. Nxc6 Qxc6 8.
Qg3 Nf6 9. Bd3 d6 10. Bd2 b5 11. f3 Bb7 12. O-O-O O-O-O 13. Kb1 Nd7 14. Ne2 Nb6
15. Nd4 Qc7 16. Ba5 d5 17. Qf2 Qc5 18. b4 Qc7 19. Nxb5 axb5 20. Qxb6 Qxb6 21.
Bxb6 Rd6 22. Bc5 Rd8 23. Bxf8 Rhxf8 24. exd5 Rxd5 25. c4 Rd4 26. Be2 Rfd8 27.
Kc2 bxc4 28. Rxd4 Rxd4 29. Kc3 Rd8 30. Bxc4 Kc7 31. a4 Kb6 32. a5+ Kc6 33. Re1
Ba8 34. Bd3 Rc8 35. Kb3 Kd6 36. b5 Bd5+ 37. Kb4 Rb8 38. b6 f5 39. Bc4 Rc8 40.
Bxd5 exd5 41. b7 Rb8 42. a6 Kc6 43. Rc1+ Kb6 44. Rc8 1-0

[Event "EU YCH Team U18 girls"]
[Site "Thessaloniki"]
[Date "2022.07.18"]
[Round "7.2"]
[White "Bashylina, Luisa"]
[Black "Kayis, Gulcan Sena"]
[Result "0-1"]
[WhiteElo "2041"]
[BlackElo "1682"]
[PlyCount "74"]
[EventDate "2022.07.12"]
[EventType "swiss"]
[EventRounds "7"]
[EventCountry "GRE"]
[SourceTitle "Youth Database"]
[Source "CBase R.Goldau"]
[SourceDate "2000.03.01"]
[SourceVersion "1"]
[SourceVersionDate "2022.07.18"]
[SourceQuality "1"]
[WhiteTeam "Deutschland"]
[BlackTeam "Türkei"]
[WhiteTeamCountry "GER"]
[BlackTeamCountry "TUR"]

1. d4 Nf6 2. c4 c5 3. d5 b5 4. cxb5 a6 5. e3 g6 6. Nc3 Bg7 7. a4 O-O 8. e4 d6
9. Nf3 axb5 10. Bxb5 Ba6 11. Bd2 Nbd7 12. O-O Qb6 13. Re1 Bxb5 14. Nxb5 Ng4 15.
Qc2 Rfc8 16. h3 Nge5 17. Nxe5 Nxe5 18. f4 Nd7 19. Bc3 c4+ 20. Kh1 Nc5 21. Bxg7
Kxg7 22. e5 Nxa4 23. Nxd6 exd6 24. Rxa4 Rxa4 25. Qxa4 Qf2 26. Rd1 Qxb2 27. Qd7
Rb8 28. e6 Rb7 29. Qxd6 c3 30. exf7 Kxf7 31. Qe6+ Kg7 32. Qe5+ Kf7 33. f5 c2
34. fxg6+ hxg6 35. Rf1+ Kg8 36. Qf4 Qb1 37. Qf8+ Kh7 0-1

[Event "EU YCH Team U18 girls"]
[Site "Thessaloniki"]
[Date "2022.07.18"]
[Round "7.1"]
[White "Sheikh, Anum"]
[Black "Demeter, Dorina"]
[Result "1/2-1/2"]
[WhiteElo "1799"]
[BlackElo "2176"]
[PlyCount "81"]
[EventDate "2022.07.12"]
[EventType "swiss"]
[EventRounds "7"]
[EventCountry "GRE"]
[SourceTitle "Youth Database"]
[Source "CBase R.Goldau"]
[SourceDate "2000.03.01"]
[SourceVersion "1"]
[SourceVersionDate "2022.07.18"]
[SourceQuality "1"]
[WhiteTeam "England"]
[BlackTeam "Ungarn"]
[WhiteTeamCountry "ENG"]
[BlackTeamCountry "HUN"]

1. e4 e5 2. Nf3 Nc6 3. Bb5 a6 4. Ba4 Nf6 5. O-O Be7 6. Re1 b5 7. Bb3 d6 8. c3
O-O 9. h3 Re8 10. d4 Bb7 11. Nbd2 Bf8 12. a4 h6 13. Bc2 exd4 14. cxd4 Nb4 15.
Bb1 c5 16. d5 Nd7 17. Ra3 f5 18. g4 f4 19. axb5 axb5 20. Nb3 Ne5 21. Bd2 Ra4
22. Nc1 Qa8 23. Nxe5 dxe5 24. Qf3 c4 25. Rxa4 Qxa4 26. Ne2 Bc5 27. Nc3 Qb3 28.
Bc1 Bd4 29. Qd1 Ra8 30. Qxb3 cxb3 31. Nxb5 Bc5 32. Na3 Ba6 33. Bd2 Nd3 34. Bxd3
Bxd3 35. Bc3 Bd6 36. f3 Rc8 37. Nb1 Bc5+ 38. Kg2 Be3 39. h4 Kf7 40. h5 Kf6 41.
Rd1 1/2-1/2

[Event "EU YCH Team U18 girls"]
[Site "Thessaloniki"]
[Date "2022.07.18"]
[Round "7.1"]
[White "Ruzic, Pia Marie"]
[Black "Wikar, Martyna"]
[Result "1/2-1/2"]
[WhiteElo "2025"]
[BlackElo "2208"]
[PlyCount "124"]
[EventDate "2022.07.12"]
[EventType "swiss"]
[EventRounds "7"]
[EventCountry "GRE"]
[SourceTitle "Youth Database"]
[Source "CBase R.Goldau"]
[SourceDate "2000.03.01"]
[SourceVersion "1"]
[SourceVersionDate "2022.07.18"]
[SourceQuality "1"]
[WhiteTeam "Slowenien"]
[BlackTeam "Polen"]
[WhiteTeamCountry "SLO"]
[BlackTeamCountry "POL"]

1. d4 f5 2. c4 Nf6 3. Nf3 d6 4. b3 g6 5. Bb2 Bg7 6. g3 O-O 7. Bg2 Ne4 8. Nfd2
Nxd2 9. Nxd2 Nc6 10. Nf3 Kh8 11. Qd2 e5 12. dxe5 Nxe5 13. O-O Qe7 14. Rae1 Rb8
15. Ng5 b5 16. cxb5 Rxb5 17. f4 h6 18. Nh3 Ng4 19. e4 Bxb2 20. Qxb2+ Qg7 21.
Qxg7+ Kxg7 22. Rc1 Rf7 23. Rfe1 Ra5 24. a4 fxe4 25. Bxe4 Nf6 26. Bg2 c5 27. b4
Rxa4 28. bxc5 dxc5 29. Rxc5 Bf5 30. Nf2 h5 31. Bf3 Ra2 32. Re2 Ra1+ 33. Kg2 Ng4
34. h3 Nxf2 35. Rxf2 a5 36. Rd2 Ra3 37. Rb2 Bxh3+ 38. Kxh3 Rxf3 39. Rxa5 R7xf4
40. Kg2 Rf6 41. Rab5 Kh6 42. Rb6 Rxb6 43. Rxb6 Rf5 44. Rb4 Kg5 45. Ra4 Re5 46.
Rb4 Kf5 47. Rf4+ Ke6 48. Ra4 g5 49. Kf3 Rb5 50. Re4+ Kf5 51. Ra4 Rd5 52. g4+
hxg4+ 53. Kg3 Re5 54. Ra3 Re4 55. Ra5+ Kg6 56. Ra8 Rf4 57. Rb8 Kf5 58. Rb5+ Kg6
59. Rb8 Ra4 60. Rc8 Kh5 61. Rh8+ Kg6 62. Rb8 Kh5 1/2-1/2

[Event "EU YCH Team U18 girls"]
[Site "Thessaloniki"]
[Date "2022.07.18"]
[Round "7.2"]
[White "Marcinczyk, Monika"]
[Black "Mihelic, Vesna"]
[Result "1-0"]
[WhiteElo "1991"]
[BlackElo "2029"]
[PlyCount "67"]
[EventDate "2022.07.12"]
[EventType "swiss"]
[EventRounds "7"]
[EventCountry "GRE"]
[SourceTitle "Youth Database"]
[Source "CBase R.Goldau"]
[SourceDate "2000.03.01"]
[SourceVersion "1"]
[SourceVersionDate "2022.07.18"]
[SourceQuality "1"]
[WhiteTeam "Polen"]
[BlackTeam "Slowenien"]
[WhiteTeamCountry "POL"]
[BlackTeamCountry "SLO"]

1. e4 e5 2. Nf3 Nc6 3. Nc3 Nf6 4. d4 exd4 5. Nxd4 Bb4 6. Nxc6 bxc6 7. Bd3 d5 8.
exd5 cxd5 9. O-O O-O 10. Qf3 c6 11. h3 Rb8 12. Bf4 Bd6 13. b3 Rb4 14. Ne2 Bxf4
15. a3 Bh2+ 16. Kxh2 Rh4 17. Kg1 Re8 18. Rfe1 Ne4 19. Ng3 Qe7 20. Qe3 f5 21.
Nxe4 fxe4 22. Bf1 Rf8 23. b4 Qf6 24. Rad1 Rf4 25. Rd2 g5 26. c4 g4 27. cxd5
gxh3 28. d6 Bg4 29. d7 hxg2 30. Bc4+ Be6 31. Bxe6+ Qxe6 32. d8=Q Qh6 33. Qg3+
Kh8 34. Qd4+ 1-0

[Event "EU YCH Team U18 girls"]
[Site "Thessaloniki"]
[Date "2022.07.18"]
[Round "7.1"]
[White "Lehaci, Miruna-Daria"]
[Black "Rozmanec, Pia"]
[Result "1-0"]
[WhiteElo "2193"]
[BlackElo "1642"]
[PlyCount "67"]
[EventDate "2022.07.12"]
[EventType "swiss"]
[EventRounds "7"]
[EventCountry "GRE"]
[SourceTitle "Youth Database"]
[Source "CBase R.Goldau"]
[SourceDate "2000.03.01"]
[SourceVersion "1"]
[SourceVersionDate "2022.07.18"]
[SourceQuality "1"]
[WhiteTeam "Rumänien"]
[BlackTeam "Slowenien"]
[WhiteTeamCountry "ROU"]
[BlackTeamCountry "SLO"]

1. e4 c5 2. Nf3 d6 3. d4 cxd4 4. Nxd4 Nf6 5. f3 a6 6. c4 g6 7. Be3 Bg7 8. Be2
b6 9. O-O O-O 10. Nc3 Bb7 11. Qd2 Qc7 12. Nd5 Qd8 13. Rfd1 Nbd7 14. Bf1 e6 15.
Nc3 d5 16. cxd5 exd5 17. exd5 Nxd5 18. Nxd5 Bxd5 19. Nf5 Be6 20. Nxg7 Kxg7 21.
Bh6+ Kg8 22. Qc3 Qf6 23. Qxf6 Nxf6 24. Bxf8 Kxf8 25. a3 Nd5 26. Kf2 b5 27. Rac1
Ke7 28. Rc5 Ra7 29. Rcxd5 Bxd5 30. Rxd5 Rc7 31. Rd2 h5 32. g3 Ke6 33. Bd3 f5
34. Rc2 1-0

[Event "EU YCH Team U18 girls"]
[Site "Thessaloniki"]
[Date "2022.07.18"]
[Round "7.2"]
[White "Guid, Taja"]
[Black "Ciolacu, Alessia-Mihaela"]
[Result "0-1"]
[WhiteElo "1479"]
[BlackElo "2163"]
[PlyCount "60"]
[EventDate "2022.07.12"]
[EventType "swiss"]
[EventRounds "7"]
[EventCountry "GRE"]
[SourceTitle "Youth Database"]
[Source "CBase R.Goldau"]
[SourceDate "2000.03.01"]
[SourceVersion "1"]
[SourceVersionDate "2022.07.18"]
[SourceQuality "1"]
[WhiteTeam "Slowenien"]
[BlackTeam "Rumänien"]
[WhiteTeamCountry "SLO"]
[BlackTeamCountry "ROU"]

1. e4 c5 2. Nc3 d6 3. d4 cxd4 4. Qxd4 Nc6 5. Qd2 g6 6. b3 Bg7 7. Bb2 Nf6 8.
O-O-O Be6 9. f3 Qa5 10. Kb1 Rc8 11. Nge2 O-O 12. g4 b5 13. h4 h5 14. g5 Nd7 15.
Nd5 b4 16. c4 bxc3 17. Bxc3 Bxc3 18. Qxc3 Bxd5 19. Rxd5 Qb6 20. Qd2 Nb4 21. Rd4
Nc2 22. Rd3 Na3+ 23. Ka1 Rc2 24. Qe3 Qa5 25. Qd4 Rxe2 26. b4 Nc2+ 27. Kb1 Nxd4
28. bxa5 Rb8+ 29. Kc1 Rc2+ 30. Kd1 Rb1# 0-1